Statistics for Connacht Rugby Squad 2022-23

Click here to take the quiz!

General Stats

  • This quiz has been taken 2 times
  • The average score is 36 of 44

Answer Stats

PositionPlayerAppsTriesTotal PointsClub% Correct
WingerAdam Byrne100U.C.D (Dublin)
100%
WingerAlex Wooton341470Garryowen (Limerick)
100%
CentreBundee Aki11926130Galwegians
100%
Scrum-halfCaolin Blade15028140Galwegians
100%
Scrum-halfColm Reilly900Ballinasloe
100%
Fly-halfConor Fitzgerald573191Shannon (Limerick)
100%
Back-rowConor Oliver47315Garryowen (Limerick)
100%
LockDarragh Murray100Buccaneers
100%
HookerDave Heffernan171735Buccaneers
100%
PropDenis Buckley215735Buccaneers
100%
WingerDiarmuid Kilgallen8210Galwegians
100%
PropDominic Robertson-McCoy7215
100%
HookerDylan Tierney-Martin600Corinthians
100%
PropFinlay Bealham1791365Buccaneers
100%
LockGavin Thornbury63420U.C.D (Dublin)
100%
HookerGrant Stewart300
100%
PropJack Aungier3815Suttonians (Dublin)
100%
Fly-halfJack Carty184191,081Buccaneers
100%
Back-rowJarrad Butler100630Galwegians
100%
WingerJohn Porch591575N/A
100%
PropJordan Duggan2800
100%
Back-rowJosh Murphy500U.C.D (Dublin)
100%
Scrum-halfKieran Marmion20938190Corinthians
100%
LockLeva Fifita15210
100%
WingerMack Hansen19945Corinthians
100%
LockNiall Murray40315Buccaneers
100%
Full-BackOran McNulty11210Corinthians
100%
PropPeter Dooley500Lansdowne (Dublin)
100%
HookerShane Delahunt1171260Buccaneers
100%
Full-BackTiernan O'Halloran20626231Galwegians
100%
WingerByron Ralston600N/A
50%
Fly-halfCathal Forde2010Corinthians
50%
Back-rowCian Prendergast33420Newbridge College (Kildare)
50%
Back-rowCiaran Booth400N/A
50%
CentreDavid Hackshaw6016Old Belvedere (Dublin)
50%
PropMatthew Burke3900Corinthians
50%
LockOisín Dowling2500Sligo
50%
Back-rowPaul Boyle791785Lansdowne (Dublin)
50%
PropSam Illo400Old Wesley (Dublin)
50%
CentreShane Jennings000Ballinasloe
50%
CentreShayne Bolton400N/A
50%
CentreTom Daly651365Lansdowne (Dublin)
50%
Back-rowSeán Masterson1800Corinthians
0%
Back-rowShamus Hurley-Langton600N/A
0%

Score Distribution

Percentile by Number Answered

Percent of People with Each Score

Your Score History

You have not taken this quiz